000 00934nam a2200265Ia 4500
003 OSt
005 20220930080834.0
006 a|||||r|||| 00| 0
007 ta
008 220926b |||||||| |||| 00| 0 eng d
024 _a95387
037 _cTheses
040 _aCRL
_cCRL
_beng
041 _2eng
_aeng
100 _aSuri Tarun
_9539967
110 _aUniversity of Delhi. Faculty of Medical Sciences. Department of Orthopaedics
_9519703
245 0 _aEvaluation of functional results of early tendon transfer for intrinsic muscle paralysis of hand due to ulnar nerve paralysis
260 _c2007
650 _aORTHOPEDICS
_9519704
700 _a Dr. Anil Dhal Gu.
_9536275
700 _a Dr. Sumit Sural Gu.
_9538223
700 _aUniversity of Delhi. Faculty of Medical Sciences. Department of Orthopaedics
_9519706
942 _cDIS
_2CC
999 _c870507
_d870507